000 00553cab a2200205 4500
001 WB2820-31
008 090401t1992 xxu||||| |||| 00| 0 eng d
035 _a(Sirsi) u12855
041 _aeng
245 _aRisks of leaving it empty
260 _c1992
350 _a0
490 _aEvening Standard
_v20 May 1992, 42(1)
520 _aReviews a new insurance policy to protect your property when it is unoccupied.
650 _aUNOCCUPIED PROPERTY
650 _aVACANT PROPERTY
690 _aInsurance
_96249
942 _n0
948 _c04/03/1997
999 _c8246
_d8246